Fussballvereine Reutlingen - Statistiken

Allgemein
  • Dieses Quiz wurde 12 mal gespielt
  • Das Durchschnittsergebnis liegt bei 11 aus 21
Antwortstatistiken
Antworten % Korrekt
SSV Reutlingen 1905 Fußball
88%
SV Croatia Reutlingen 1974
88%
Young Boys Reutlingen
88%
TSG Reutlingen
75%
SV Sveti Sava Reutlingen
63%
TSV 1972 Sickenhausen
63%
Anadolu SV Reutlingen
50%
SG Reutlingen
50%
SV Rommelsbach
50%
TG Gönningen 1919
50%
TSV Sondelfingen
50%
FC Mittelstadt
38%
FC Reutlingen
38%
GSV Hellas Reutlingen
38%
Reutlinger Kickers
38%
SF02 Reutlingen
38%
SV 1923 Ohmenhausen
38%
SV Degerschlacht
38%
TSV Altenburg
38%
TSV Oferdingen
38%
TSV Betzingen
13%
Keine übereinstimmenden Quizze gefunden
Verteilung der Resultate
Anzahl Personen mit jedem Resultat
Perzentil nach korrekt beantworteten Fragen
Ihre Resultats-Entwicklung
Sie haben dieses Quiz noch nicht gespielt